02016nam a22001937a 4500003000200000005001700002008004100019020001800060050002300078100002700101245013900128260003800267300002500305504005100330520132700381650003101708650003101739650005201770020250106123036.0250106b xxu||||| |||| 00| 0 eng d a9781032531083 aPN 1996b.H36 2024 aHandler, Marceauthor. aCollaborative screenwriting and story development :ba global guide for writers, story teams, and creative executives /cMarc Handler. aNew York, NY :bRoutledge,c2024. axi, 303 p. ;c24 cm. aIncludes bibliographical references and index. a"This is a comprehensive guide to teach writing and story development from a collaborative global perspective. This text teaches writers how to take full advantage of emerging opportunities, both locally and globally. With an increasing number of international co-productions and many screenwriters now working collaboratively in writer's rooms and development groups, author Marc Handler explains how to work cooperatively with others to break stories, plan seasons, create characters, and build series. To succeed, readers will learn how to give and receive feedback effectively, adapt to the style and constraints of executives and brands, and contribute to the team building process, all within an increasingly global media industry that is in constant flux. This book will help readers develop a global perspective, ensuring that they are prepared for new opportunities as they arise. Marc Handler provides cultural insight and understanding as he describes the fundamentals as well as advanced story skills. This book is essential reading for students taking classes such as Screenwriting Fundamentals, Writing for Film and TV, Introduction to Television Writing, and Advanced Screenwriting, as well as aspiring and early career screenwriters, showrunners, producers, and creative executives"--Provided by publisher. aMotion picture authorship. aAuthorshipvCollaboration. aMotion picture authorshipvVocational guidance.